| 000 | 00836nam a2200193 i 4500 | ||
|---|---|---|---|
| 001 | 158904 | ||
| 003 | ES-MaACL | ||
| 005 | 20251120063143.0 | ||
| 008 | 931025s1866 sp |||| | spa d | ||
| 040 |
_aAS _bspa _cPAB |
||
| 100 | 1 |
_aMartín Mateos, Nicomedes, _d1806-1890 _9129604 |
|
| 245 | 1 | 0 |
_aCartas filosóficas a D. Ramón de Campoamor en contestación a su obra de "Lo absoluto" / _cpor Nicomedes Martín Mateos. |
| 260 |
_aBéjar : _b[s.n.], _c1866 ( _fImprenta de Tellez y Compañía, a cargo de Ramón Feni) |
||
| 300 |
_a117 p. ; _c22 cm. |
||
| 600 | 1 | 4 |
_aCampoamor, Ramón de, _d1817-1901 _934232 |
| 650 | 4 |
_aAbsoluto. _9161479 |
|
| 852 |
_aES-MaACL _jT-1262-F-2 _z-- Enc. hol. conservando la cub. original _z-- Dedicatoria del autor a Laureano Figuerola _z-- Enc. en un vol. facticio |
||
| 999 |
_c158904 _d158904 |
||